Includes bibliographies (Record no. 15375)

000 -LEADER
fixed length control field 00588nam a22002171 4500
001 - CONTROL NUMBER
control field 15375
003 - CONTROL NUMBER IDENTIFIER
control field BD-DhUET
008 - FIXED-LENGTH DATA ELEMENTS--GENERAL INFORMATION
fixed length control field 731030m19621966njua b 000 0 eng
040 ## - CATALOGING SOURCE
Original cataloging agency DLC
Transcribing agency DLC
Modifying agency BD-DhUET
082 00 - DEWEY DECIMAL CLASSIFICATION NUMBER
Classification number 543
Item number FUR/1966
100 ## - MAIN ENTRY--PERSONAL NAME
Personal name Furman, N. Howell
245 00 - TITLE STATEMENT
Title Includes bibliographies
250 ## - EDITION STATEMENT
Edition statement 6th ed.
260 ## - PUBLICATION, DISTRIBUTION, ETC. (IMPRINT)
Place of publication, distribution, etc. New York
Name of publisher, distributor, etc. Van Nostrand Reinhold
Date of publication, distribution, etc. 1966
300 ## - PHYSICAL DESCRIPTION
Extent xi, (975-2018)p.
Other physical details ill.
500 ## - GENERAL NOTE
General note Vol.3 (Instrumental methods)
Part. B
504 ## - BIBLIOGRAPHY, ETC. NOTE
Bibliography, etc Includes bibliographies
650 #0 - SUBJECT ADDED ENTRY--TOPICAL TERM
Topical term or geographic name as entry element Chemistry, Analytic
700 ## - ADDED ENTRY--PERSONAL NAME
Personal name Welcher, Frank J.
942 ## - ADDED ENTRY ELEMENTS (KOHA)
Koha item type Edited Book
Holdings
Not for loan Piece designation (barcode) Koha item type Location (home branch) Price effective from Damaged status Withdrawn status Koha full call number Shelving location Lost status Source of classification or shelving scheme Copy number Date acquired Koha normalized classification for sorting Sublocation or collection (holding branch) Koha date last seen
 28818Edited BookCentral Library, BUET2015-03-12  543/FUR/1966Circulation section  12015-03-12543_000000000000000_FUR_1966Central Library, BUET2015-03-12
 28828Edited BookCentral Library, BUET2015-03-12  543/FUR/1966Circulation section  22015-03-12543_000000000000000_FUR_1966Central Library, BUET2015-03-12
 28836Edited BookCentral Library, BUET2015-03-12  543/FUR/1966Circulation section  42015-03-12543_000000000000000_FUR_1966Central Library, BUET2015-03-12
 28831Edited BookCentral Library, BUET2015-03-12  543/FUR/1966Circulation section  52015-03-12543_000000000000000_FUR_1966Central Library, BUET2015-03-12
 38894Edited BookCentral Library, BUET2015-03-12  543/FUR/1966Circulation section  62015-03-12543_000000000000000_FUR_1966Central Library, BUET2015-03-12
 28827Edited BookCentral Library, BUET2015-03-12  543/FUR/1966Circulation section  72015-03-12543_000000000000000_FUR_1966Central Library, BUET2018-02-20
 28837Edited BookCentral Library, BUET2015-03-12  543/FUR/1966Circulation section  82015-03-12543_000000000000000_FUR_1966Central Library, BUET2015-03-12
 28826Edited BookCentral Library, BUET2015-03-12  543/FUR/1966Circulation section  92015-03-12543_000000000000000_FUR_1966Central Library, BUET2015-03-12
 28832Edited BookCentral Library, BUET2015-03-12  543/FUR/1966Circulation section  102015-03-12543_000000000000000_FUR_1966Central Library, BUET2015-03-12